[Event "FRA-chT2 0405"]
[Site "France"]
[Date "2005.01.09"]
[Round "6.7"]
[White "Lam, Sophie"]
[Black "Dehouck, Dimitri"]
[Result "1-0"]
[WhiteElo "2044"]
[BlackElo "2070"]
[PlyCount "131"]
[EventDate "2004.10.10"]
[EventType "team"]
[EventRounds "11"]
[EventCountry "FRA"]
[SourceTitle "EXT 2006"]
[Source "ChessBase"]
[SourceDate "2005.11.24"]
[SourceVersion "1"]
[SourceVersionDate "2005.11.24"]
[SourceQuality "1"]
[WhiteTeam "Creteil  II"]
[BlackTeam "Le Touquet"]
[WhiteTeamCountry "FRA"]
[BlackTeamCountry "FRA"]

1. e4 e6 2. d4 d5 3. Nd2 Nf6 4. e5 Nfd7 5. Bd3 c5 6. c3 Nc6 7. Ne2 Qb6 8. Nf3 cxd4 9. cxd4 g6 10. 0-0 Bg7 11. Re1 0-0 12. b3 Nb4 13. Bb1 Nc6 14. Bb2 Qd8 15. Bd3 Nb4 16. Bb1 Re8 17. Qd2 Nc6 18. Bd3 a6 19. Rac1 f6 20. exf6 Nxf6 21. h3 Nd7 22. Ng3 e5 23. dxe5 Ndxe5 24. Nxe5 Nxe5 25. Bf1 Bf5 26. Nxf5 gxf5 27. Kh1 Qd6 28. Rcd1 Rad8 29. Qg5 Qg6 30. Qf4 Nd3 31. Rxe8+ Qxe8 32. Bxd3 Bxb2 33. Qxf5 Qe7 34. Bc2 Bf6 35. Rxd5 Qe1+ 36. Kh2 Rxd5 37. Qxd5+ Kg7 38. Qxb7+ Kf8 39. Qa8+ Kg7 40. Qb7+ Kf8 41. Qf3 Ke7 42. Qe4+ Be5+ 43. f4 Qxe4 44. Bxe4 Bxf4+ 45. g3 Bd6 46. Bxh7 Kf6 47. Kg2 a5 48. Kf3 Be5 49. Bd3 Bc3 50. h4 Be1 51. h5 Kg5 52. g4 Bd2 53. Bf5 Be1 54. Ke4 Bc3 55. Kd5 Kf6 56. Kc4 Bb4 57. Kb5 Bd2 58. a3 Kg5 59. b4 axb4 60. axb4 Kf6 61. Kc5 Ke7 62. b5 Kd8 63. Kc6 Be3 64. b6 Bg5 65. b7 Bf4 66. h6 1-0

[Event "FRA-chT2 0405"]
[Site "France"]
[Date "2005.01.08"]
[Round "5.8"]
[White "Guilbert, Herve"]
[Black "Dehouck, Dimitri"]
[Result "1/2-1/2"]
[WhiteElo "2113"]
[BlackElo "2070"]
[PlyCount "119"]
[EventDate "2004.10.10"]
[EventType "team"]
[EventRounds "11"]
[EventCountry "FRA"]
[SourceTitle "EXT 2006"]
[Source "ChessBase"]
[SourceDate "2005.11.24"]
[SourceVersion "1"]
[SourceVersionDate "2005.11.24"]
[SourceQuality "1"]
[WhiteTeam "Clichy  II"]
[BlackTeam "Le Touquet"]
[WhiteTeamCountry "FRA"]
[BlackTeamCountry "FRA"]

1. c4 e6 2. g3 b6 3. Bg2 Nc6 4. Nc3 Bb7 5. e4 d6 6. Nge2 Nf6 7. 0-0 Be7 8. d3 0-0 9. h3 Rb8 10. f4 Nd7 11. Be3 f5 12. exf5 exf5 13. Qd2 Nf6 14. b3 Qd7 15. d4 Rfe8 16. d5 Nd8 17. Rae1 a6 18. Nd4 Ne4 19. Nxe4 fxe4 20. Bxe4 Qxh3 21. Qg2 Qxg2+ 22. Bxg2 Bf6 23. Bf2 Nf7 24. Bh3 b5 25. Bd7 Red8 26. Be6 bxc4 27. bxc4 Bxd4 28. Bxd4 Bc8 29. Rb1 Bxe6 30. dxe6 Nh6 31. Rxb8 Rxb8 32. f5 Ng4 33. Rf4 h5 34. c5 Rb1+ 35. Kg2 Rc1 36. cxd6 cxd6 37. Re4 Rc8 38. Kf3 Nf6 39. Bxf6 gxf6 40. Rb4 Kf8 41. Kf4 Rc2 42. Ra4 Rc6 43. Ra5 Ke7 44. Kf3 Rc3+ 45. Kg2 Rc2+ 46. Kh3 Rc6 47. g4 hxg4+ 48. Kxg4 Rc3 49. Kh5 Rc6 50. Kg4 Rc4+ 51. Kf3 Rc3+ 52. Ke4 Rc1 53. Rxa6 Re1+ 54. Kf4 Rf1+ 55. Kg4 Rg1+ 56. Kh4 Rh1+ 57. Kg3 d5 58. a4 Rg1+ 59. Kf4 Rf1+ 60. Kg4 1/2-1/2

[Event "FRA-chT2 0405"]
[Site "France"]
[Date "2004.12.05"]
[Round "4.8"]
[White "Dehouck, Dimitri"]
[Black "Medghoul, Abdel"]
[Result "1-0"]
[WhiteElo "2060"]
[BlackElo "196"]
[PlyCount "85"]
[EventDate "2004.10.10"]
[EventType "team"]
[EventRounds "11"]
[EventCountry "FRA"]
[SourceTitle "EXT 2006"]
[Source "ChessBase"]
[SourceDate "2005.11.24"]
[SourceVersion "1"]
[SourceVersionDate "2005.11.24"]
[SourceQuality "1"]
[WhiteTeam "Le Touquet"]
[BlackTeam "Maromme"]
[WhiteTeamCountry "FRA"]
[BlackTeamCountry "FRA"]

1. e4 c5 2. Nf3 Nc6 3. d4 cxd4 4. Nxd4 e5 5. Nb5 a6 6. Nd6+ Bxd6 7. Qxd6 Qf6 8. Qd1 Qg6 9. Nc3 Nge7 10. h4 h5 11. Be3 d5 12. Nxd5 Nxd5 13. Qxd5 0-0 14. Qc5 Qxe4 15. 0-0-0 Be6 16. a3 Rac8 17. Bd3 Qa4 18. c3 Qb3 19. Qb6 Qa2 20. Bb1 Qc4 21. Bd3 Qa4 22. Bc2 Qc4 23. f3 Rfd8 24. Rxd8+ Rxd8 25. Be4 Rd7 26. Bxc6 bxc6 27. Qb8+ Kh7 28. Qxe5 Qd3 29. Bd4 Qg6 30. b4 a5 31. g4 Rd5 32. Qe2 hxg4 33. fxg4 Bxg4 34. Qe3 axb4 35. axb4 Rb5 36. Rg1 Rd5 37. Qf4 f5 38. Qc7 Qh6+ 39. Kc2 Kh8 40. Re1 f4 41. Bxg7+ Qxg7 42. Re8+ Kh7 43. Re7 1-0

[Event "FRA-chT2 0405"]
[Site "France"]
[Date "2004.10.10"]
[Round "1.7"]
[White "Dehouck, Dimitri"]
[Black "Hennion, David"]
[Result "0-1"]
[WhiteElo "2060"]
[BlackElo "1950"]
[PlyCount "48"]
[EventDate "2004.10.10"]
[EventType "team"]
[EventRounds "11"]
[EventCountry "FRA"]
[SourceTitle "EXT 2006"]
[Source "ChessBase"]
[SourceDate "2005.11.24"]
[SourceVersion "1"]
[SourceVersionDate "2005.11.24"]
[SourceQuality "1"]
[WhiteTeam "Le Touquet"]
[BlackTeam "Neuville en Ferrain"]
[WhiteTeamCountry "FRA"]
[BlackTeamCountry "FRA"]

1. e4 d5 2. exd5 Qxd5 3. Nc3 Qa5 4. d4 c6 5. Bd2 Qb6 6. d5 Qxb2 7. dxc6 bxc6 8. Rb1 Qa3 9. Rb3 Qd6 10. Ne4 Qc7 11. Qh5 Nd7 12. Bc4 Ne5 13. Be2 g6 14. Qh4 Bg7 15. f4 Nd7 16. Nf3 Ngf6 17. Nf2 Nc5 18. Rb4 Ba6 19. Bc4 Nd5 20. Bxd5 cxd5 21. f5 Rb8 22. Bf4 Rxb4 23. Bxc7 Bc3+ 24. Nd2 Rxh4 0-1

[Event "FRA-chT3 North 0304"]
[Site "France"]
[Date "2004.04.03"]
[Round "8.6"]
[White "Le Kouaghet, Euen"]
[Black "Dehouck, Dimitri"]
[Result "1-0"]
[WhiteElo "1670"]
[BlackElo "2050"]
[PlyCount "93"]
[EventDate "2003.11.??"]
[EventType "team"]
[EventRounds "9"]
[EventCountry "FRA"]
[SourceTitle "EXT 2006"]
[Source "ChessBase"]
[SourceDate "2005.11.24"]
[SourceVersion "1"]
[SourceVersionDate "2005.11.24"]
[SourceQuality "1"]
[WhiteTeam "Noyon II"]
[BlackTeam "Le Touquet"]
[WhiteTeamCountry "FRA"]
[BlackTeamCountry "FRA"]

1. c4 c5 2. Nc3 Nc6 3. Nf3 g6 4. g3 Bg7 5. Bg2 Nf6 6. 0-0 0-0 7. d3 e6 8. Bf4 a6 9. Bd6 Re8 10. Bxc5 Qa5 11. Be3 Ng4 12. Bd2 Qb6 13. Qc1 Qc7 14. h3 Nge5 15. Nxe5 Nxe5 16. Bf4 Qd8 17. Ne4 d5 18. cxd5 exd5 19. Nc3 Be6 20. Qd2 Qd7 21. g4 Rad8 22. Rac1 Nxg4 23. hxg4 Bxg4 24. e3 d4 25. Nd1 Bh3 26. e4 Bxg2 27. Kxg2 Qg4+ 28. Bg3 Rc8 29. f3 Qd7 30. Nf2 Rcd8 31. Rc7 Qb5 32. Rfc1 f5 33. R1c5 Qa4 34. b3 Qa3 35. exf5 b6 36. R5c6 Qf8 37. fxg6 Re3 38. gxh7+ Kxh7 39. Qd1 Rde8 40. Qh1+ Kg8 41. Qh5 Re2 42. Rg6 R2e7 43. Bd6 Rxc7 44. Bxf8 Rxf8 45. Ng4 Rc5 46. Nh6+ Kh7 47. Nf5+ 1-0

[Event "FRA-chT3 North 0304"]
[Site "France"]
[Date "2004.02.01"]
[Round "6.5"]
[White "Dehouck, Dimitri"]
[Black "Boudrenghien, Francois"]
[Result "0-1"]
[WhiteElo "2050"]
[BlackElo "2093"]
[PlyCount "110"]
[EventDate "2003.11.??"]
[EventType "team"]
[EventRounds "9"]
[EventCountry "FRA"]
[SourceTitle "EXT 2006"]
[Source "ChessBase"]
[SourceDate "2005.11.24"]
[SourceVersion "1"]
[SourceVersionDate "2005.11.24"]
[SourceQuality "1"]
[WhiteTeam "Le Touquet"]
[BlackTeam "Neuville en Ferrain"]
[WhiteTeamCountry "FRA"]
[BlackTeamCountry "FRA"]

1. e4 d6 2. d4 Nf6 3. Bd3 e5 4. d5 Nbd7 5. c4 Be7 6. Nc3 0-0 7. Nge2 Nc5 8. Bc2 a5 9. 0-0 Ne8 10. f4 exf4 11. Bxf4 Bf6 12. Ng3 g6 13. e5 Bxe5 14. Bxe5 dxe5 15. Qe2 f6 16. Qe3 b6 17. Qh6 Qe7 18. Rae1 Qg7 19. Qe3 Nd6 20. b3 Bd7 21. Nce4 Ncxe4 22. Nxe4 Rab8 23. Nxd6 cxd6 24. Qc3 f5 25. b4 e4 26. Qg3 Qe7 27. c5 dxc5 28. bxc5 Qxc5+ 29. Rf2 a4 30. Kh1 Qxd5 31. a3 b5 32. Bb1 Be6 33. Qf4 Qb7 34. Rb2 Bb3 35. h4 Rbd8 36. Rf2 Qg7 37. Kh2 Rd4 38. g3 Rfd8 39. Bc2 Bxc2 40. Rxc2 R4d7 41. Rec1 Qd4 42. Rc8 Qd2+ 43. Kg1 Qxf4 44. gxf4 Rd1+ 45. Kf2 Rxc1 46. Rxd8+ Kg7 47. Rd5 Rc3 48. Rxb5 Rxa3 49. h5 Rf3+ 50. Ke2 Rxf4 51. Rb7+ Kh6 52. hxg6 hxg6 53. Ra7 Kg5 54. Rxa4 Rf3 55. Ra6 Rb3 0-1

[Event "FRA-chT3 North 0304"]
[Site "France"]
[Date "2004.01.18"]
[Round "5.6"]
[White "Dehouck, Dimitri"]
[Black "Coudenis, Alexandre"]
[Result "1-0"]
[WhiteElo "2050"]
[BlackElo "1910"]
[PlyCount "43"]
[EventDate "2003.11.??"]
[EventType "team"]
[EventRounds "9"]
[EventCountry "FRA"]
[SourceTitle "EXT 2006"]
[Source "ChessBase"]
[SourceDate "2005.11.24"]
[SourceVersion "1"]
[SourceVersionDate "2005.11.24"]
[SourceQuality "1"]
[WhiteTeam "Le Touquet"]
[BlackTeam "Boulogne sur Mer"]
[WhiteTeamCountry "FRA"]
[BlackTeamCountry "FRA"]

1. e4 e6 2. d4 d5 3. Nd2 c5 4. exd5 Qxd5 5. dxc5 Bxc5 6. Ngf3 Nf6 7. Bc4 Qd8 8. 0-0 0-0 9. Bd3 Nc6 10. Nb3 Bd6 11. Bg5 Ne5 12. Nxe5 Bxe5 13. Rb1 Qc7 14. f4 Qb6+ 15. Kh1 Bc7 16. Bxf6 gxf6 17. Bxh7+ Kxh7 18. Qh5+ Kg7 19. Qg4+ Kh7 20. Rf3 Bxf4 21. Rh3+ Bh6 22. Qh5 1-0